000 00856nam a2200253Ia 4500
003 GCL
005 20240530105443.0
008 140319s9999 xx 000 0 ara d
040 _aGCL /
_cGCL
082 0 4 _a258.3
_bر ا
100 1 _aعبدالغنى عبدالخالق
245 1 0 _aاداب الشافعى ومناقبه /
_cعبدالغنى عبدالخالق
260 _a[S.N] :
_bدار الكتب العلمية للنشر والتوزيع
300 _a386 ص
650 0 4 _aالادب العربى
650 0 4 _aالطب
650 0 4 _aالحديث
650 0 4 _aاللغة العربية
650 0 4 _aالتاريخ الاسلامى
650 0 4 _aالفقه الاسلامى
700 1 _aالرازى ، ابو محمد عبدالرحمن بن
700 1 _aمحمد زاهد بن الحسن الكوثرى
942 _2ddc
_cBK
999 _c56197
_d56197